| 000 | 01835nam a2200409Ii 4500 | ||
|---|---|---|---|
| 001 | DIGVIETO023 | ||
| 003 | NyNyDIG | ||
| 006 | m o d | ||
| 007 | cr ||||||||||| | ||
| 008 | 130601s2010 sp a ob 000 0 spa d | ||
| 020 | _z8492616881 | ||
| 020 | _z9788492616886 | ||
| 035 | _a(OCoLC)888284416 | ||
| 040 |
_aDGITA _beng _epn _cDGITA |
||
| 043 | _ae-sp--- | ||
| 050 | 1 | 4 | _aTK1362.S7 eBook |
| 245 | 0 | 3 |
_aLa era de Palomares / _cEduardo Subirats (coordinador) ; Luisa Isabel Álvarez de Toledo, Juan Goytisolo, Jorge Castillo, Eduardo Subirats. |
| 264 | 1 |
_a[Mataro (Barcelona)] : _bEl Viejo Topo / Ediciones de Intervención Cultural, S.L., _c2010. |
|
| 300 |
_a1 online resource (310 pages) : _bill. |
||
| 336 |
_atext _btxt _2rdacontent |
||
| 337 |
_acomputer _bc _2rdamedia |
||
| 338 |
_aonline resource _bcr _2rdacarrier |
||
| 504 | _aIncludes bibliographical references. | ||
| 505 | 0 | _aIntroducción. Cielo sin estrellas / Eduardo Subirats -- Palomares. (Memoria) / Luisa Isabel Álvarez de Toledo -- Campos de Níjar. Capítulos I, II, III y IV / Juan Goytisolo -- Palomares: Tríptico y Bocetos / Jorge Castillo -- La era de Palomares / Eduardo Subirats -- Nota Bibliográfica -- Agradecimientos. | |
| 650 | 0 |
_aNuclear accidents _zSpain _zPalomares. |
|
| 651 | 0 |
_aPalomares (Spain) _xHistory, Military _y20th century. |
|
| 655 | 0 | _aElectronic books. | |
| 700 | 1 |
_aSubirats, Eduardo, _d1947- |
|
| 700 | 1 |
_aÁlvarez de Toledo, Luisa Isabel, _cduquesa de Medina Sidonia, _d1936-2008. |
|
| 700 | 1 |
_aGoytisolo, Juan, _d1931- |
|
| 700 | 1 | _aCastillo, Jorge. | |
| 791 | 2 |
_aDigitalia (Firm), _edistributor. |
|
| 793 | 0 |
_gDigitalia eBook Collection: _aEl Viejo Topo. |
|
| 856 | 4 | 0 |
_3Digitalia Hispánica _uhttps://www.digitaliapublishing.com/a/19398/ |
| 910 | _aPremium Collection: 2007-2012 | ||
| 942 | _cRAA | ||
| 999 |
_c236450 _d236450 |
||